<?xml version="1.0" encoding="UTF-8"?>
<record
    xmlns:xsi="http://www.w3.org/2001/XMLSchema-instance"
    xsi:schemaLocation="http://www.loc.gov/MARC21/slim http://www.loc.gov/standards/marcxml/schema/MARC21slim.xsd"
    xmlns="http://www.loc.gov/MARC21/slim">

  <leader>02082nam a22002657a 4500</leader>
  <controlfield tag="003">OSt</controlfield>
  <controlfield tag="005">20240624162636.0</controlfield>
  <controlfield tag="008">240624b           ||||| |||| 00| 0 spa d</controlfield>
  <datafield tag="020" ind1=" " ind2=" ">
    <subfield code="a">9786287665613</subfield>
  </datafield>
  <datafield tag="040" ind1=" " ind2=" ">
    <subfield code="c">CO-Mq BPB</subfield>
  </datafield>
  <datafield tag="041" ind1=" " ind2=" ">
    <subfield code="a">spa</subfield>
  </datafield>
  <datafield tag="082" ind1=" " ind2=" ">
    <subfield code="a">JN</subfield>
    <subfield code="b">PALb</subfield>
  </datafield>
  <datafield tag="100" ind1=" " ind2=" ">
    <subfield code="a">Palacios, Arnoldo</subfield>
    <subfield code="d">1924-2015</subfield>
    <subfield code="e">autor</subfield>
  </datafield>
  <datafield tag="245" ind1=" " ind2=" ">
    <subfield code="a">Buscando mi madrededi&#xF3;s </subfield>
  </datafield>
  <datafield tag="250" ind1=" " ind2=" ">
    <subfield code="a">Primera edici&#xF3;n</subfield>
  </datafield>
  <datafield tag="264" ind1=" " ind2=" ">
    <subfield code="a">Bogot&#xE1; :</subfield>
    <subfield code="b">Seix Barral</subfield>
    <subfield code="c">2023</subfield>
  </datafield>
  <datafield tag="300" ind1=" " ind2=" ">
    <subfield code="a">500 p&#xE1;ginas </subfield>
    <subfield code="b">Tapa rustica</subfield>
    <subfield code="c">23 cm</subfield>
  </datafield>
  <datafield tag="490" ind1=" " ind2=" ">
    <subfield code="a">Plan Nacional de Lectura y Escritura Leer es mi Cuento / Ministerio de Cultura</subfield>
  </datafield>
  <datafield tag="521" ind1=" " ind2=" ">
    <subfield code="a">Buscando mi madrededi&#xF3;s es el t&#xED;tulo original de esta obra en castellano. Buscando su madrededi&#xF3;s, su madrediosita, es una expresi&#xF3;n empleada a diario por nosotros, los negros del Choc&#xF3;. Significa consagrar sus energ&#xED;as y toda su santa paciencia a conseguir el pan cotidiano, andar alguien en pos de su buena suerte. Uniendo los dos sustantivos, he formado, sin guion, la palabra madrededi&#xF3;s, cuyo diminutivo ser&#xED;a madredediosita, que tambi&#xE9;n se usa. Este libro no debe ser clasificado dentro del g&#xE9;nero de &#x201C;Confesiones&#x201D;, pues no se retrata una vida al desnudo para ser juzgada. &#x201C;Memorias&#x201D;, tampoco; estas son documentos, m&#xE1;s o menos personales, dignos de pasar a la posteridad por el autor, mirando con agrado preferiblemente hacia el pasado. Esta es m&#xE1;s bien una biograf&#xED;a que es la historia de alguien escrita por alguien.
La vida del gran escritor chocoano Arnoldo Palacios corre como un r&#xED;o en estas p&#xE1;ginas narrada por analfabetos negros chocoanos, afrolatinoamericanos. La vida como un torrente de recuerdos, sonidos, mensajes cifrados en uno de los libros esenciales para comprender que debido a nuestras omisiones &#x2013;sobre el pueblo negro&#x2014;nos hemos hecho m&#xE1;s y m&#xE1;s ignorantes de una riqueza que tambi&#xE9;n es nuestra.</subfield>
  </datafield>
  <datafield tag="521" ind1=" " ind2=" ">
    <subfield code="a">Recomendado para p&#xFA;blico juvenil</subfield>
  </datafield>
  <datafield tag="650" ind1=" " ind2=" ">
    <subfield code="a">Novela juvenil colombiana</subfield>
  </datafield>
  <datafield tag="650" ind1=" " ind2=" ">
    <subfield code="a">Literatura juvenil colombiana</subfield>
    <subfield code="y">Siglo XX</subfield>
  </datafield>
  <datafield tag="650" ind1=" " ind2=" ">
    <subfield code="a">Vida cotidiana en la literatura</subfield>
    <subfield code="x">Choc&#xF3;(colombia)</subfield>
  </datafield>
  <datafield tag="942" ind1=" " ind2=" ">
    <subfield code="2">ddc</subfield>
    <subfield code="c">BKLIT</subfield>
  </datafield>
  <datafield tag="999" ind1=" " ind2=" ">
    <subfield code="c">15614</subfield>
    <subfield code="d">15614</subfield>
  </datafield>
  <datafield tag="952" ind1=" " ind2=" ">
    <subfield code="0">0</subfield>
    <subfield code="1">0</subfield>
    <subfield code="2">ddc</subfield>
    <subfield code="4">0</subfield>
    <subfield code="7">0</subfield>
    <subfield code="8">LJ</subfield>
    <subfield code="a">BPMOS</subfield>
    <subfield code="b">BPMOS</subfield>
    <subfield code="c">FIC</subfield>
    <subfield code="d">2024-06-24</subfield>
    <subfield code="e">Dotaci&#xF3;n PNL 2023</subfield>
    <subfield code="i">NT</subfield>
    <subfield code="l">0</subfield>
    <subfield code="o">JN PALb</subfield>
    <subfield code="p">MOS503824</subfield>
    <subfield code="r">2024-06-24</subfield>
    <subfield code="t">Ej.1</subfield>
    <subfield code="w">2024-06-24</subfield>
    <subfield code="y">BKLIT</subfield>
    <subfield code="z">Quince dias</subfield>
  </datafield>
</record>
